Best EA FC 26 player of every nation - Statistics

General Stats
  • This quiz has been taken 634 times
  • The average score is 21 of 152
Answer Stats
Nation/Rating Player % Correct
France 91 Mbappe
99%
Egypt 91 Salah
99%
Norway 90 Haaland/Hansen
86%
England 90 Bellingham
78%
Netherlands 90 van Dijk
78%
Brazil 89 Alisson/Raphinha/Vinicius Jr
75%
Germany 89 Kimmich/Wirtz
69%
Morocco 89 Hakimi
68%
Poland 88 Lewandowski/Pajor
68%
Italy 89 Donnarumma
63%
Belgium 89 Courtois
62%
Sweden 88 Isak
57%
Uruguay 89 Valverde
55%
Spain 91 Putellas/Bonmati
54%
Argentina 88 Lautaro Martinez
52%
Slovenia 88 Oblak
51%
Portugal 89 Vitinha
49%
Ecuador 87 Moises Caicedo
46%
Georgia 87 Kvaratskhelia
43%
Nigeria 87 Osimhen
42%
South Korea 85 Son
42%
Switzerland 87 Sommer
38%
Canada 84 Davies/Lawrence
33%
Algeria 84 Mahrez
33%
Turkey 86 Calhanoglu
32%
Scotland 85 McTominay/Weir/Little/Cuthbert
30%
Guinea 87 Guirassy
29%
Senegal 83 Mane
27%
Czechia 85 Schick
27%
Croatia 84 Gvardiol
26%
Australia 87 Kerr
26%
Austria 82 Alaba/Laimer
24%
Colombia 85 Luis Diaz/Linda Caicedo
24%
Armenia 83 Mkhitaryan
24%
Gabon 81 Aubameyang
23%
Jamaica 89 Khadija Shaw
23%
Bosnia 81 Dzeko
21%
New Zealand 82 Wood
18%
Hungary 85 Gulacsi
17%
Serbia 84 Milinkovic-Savic
17%
Cameroon 85 Mbeumo
16%
Chile 88 Endler
15%
Finland 81 Hradecky
14%
Slovakia 83 Lobotka/Hancko
14%
Ghana 83 Partey/Inaki Williams
14%
Ukraine 83 Dovbyk
12%
Saudi-Arabia 82 Al Dawsari
11%
Greece 82 Pavlidis
10%
Burkina Faso 81 Tapsoba
10%
Iran 78 Taremi
10%
Denmark 86 Harder
9%
Ireland 87 McCabe
9%
Kosovo 83 Rrahmani
9%
USA 88 Sophia Wilson
9%
Malawi 86 Temwa Chawinga
9%
Russia 79 Golovin
8%
Uzbekistan 77 Khusanov
8%
DR Congo 82 Wissa
8%
Northern Ireland 78 Bradley
6%
Haiti 86 Dumornay
6%
Cen. Afr. Rep. 78 Kondogbia
6%
Mozambique 79 Reinildo
5%
Montenegro 78 Savic/Marusic
5%
Israel 77 Solomon
5%
Libya 78 Ali Musrati
4%
Zambia 85 Banda
4%
Gambia 78 Barrow
4%
Tunisia 80 Skhiri
4%
Luxembourg 77 Barreiro
3%
Albania 79 Djimsiti
3%
Japan 85 Hasegawa
3%
Ivory Coast 81 Ndicka
3%
Malta 75 Teuma
3%
Indonesia 78 Audero
2%
Guinea-Bissau 76 Beto
2%
Angola 77 Clinton Mata
2%
Togo 77 Djene/Laba/Denkey
2%
Liberia 78 Dorley
2%
Wales 81 Fishlock
2%
Venezuela 82 Gabriela Garcia
2%
Estonia 73 Hein
2%
Romania 79 Ratiu
2%
Dominican Rep. 75 Rosario/Firpo
2%
Iceland 84 Viggosdottir
2%
Peru 75 Advincula
1%
Jordan 75 Al Tamari/Al Arab
1%
Cyprus 72 Andreou/Laifis/Kastanos
1%
India 68 Chhetri/Bose
1%
Equatorial Guinea 75 Coco
1%
Bulgaria 77 Despodov
1%
North Macedonia 79 Dimitrievski
1%
Mali 79 Hamari Traore
1%
Andorra 67 Iker Alvarez
1%
Paraguay 79 Kaku
1%
Panama 76 Michael Murillo
1%
Zimbabwe 76 Munetsi
1%
Burundi 77 Ndayishimiye
1%
Philippines 78 Pacheco
1%
Mexico 80 Quinones
1%
Tanzania 72 Samatta
1%
Suriname 75 Sheraldo Becker
1%
Bolivia 72 Viscarra/Lampe
1%
Sierra Leone 72 Abdulai Bah
0%
Iraq 72 Adnan
0%
Guatemala 72 Andrea Alvarez
0%
Grenada 69 Baptiste
0%
Faroe Islands 63 Bjartalid/Edmundsson
0%
Lebanon 62 Bugiel
0%
China 74 Chengshu
0%
Curacao 71 Chong
0%
Taiwan 72 Chow Tim
0%
Cuba 66 Christian Sanchez
0%
Puerto Rico 69 Cristina Roque
0%
Montserrat 65 Dorsett
0%
UAE 73 Erik
0%
St Lucia 66 Forino/Hackett
0%
Rwanda 64 Gueulette
0%
Pakistan 69 Iqbal
0%
Guyana 71 Isaiah Jones
0%
Antigua and Barbuda 65 James-Wildin
0%
Gibraltar 54 Jessop
0%
Vanuatu 68 Kaltak
0%
Sri Lanka 67 Kammerknecht
0%
Trinidad and Tobago 68 Kedie Johnson
0%
Mauritania 75 Koita
0%
Afghanistan 60 Kouhyar
0%
Madagascar 72 Lapoussin
0%
Cape Verde 77 Logan Costa
0%
Liechtenstein 58 Luque-Notaro
0%
Azerbaijan 70 Magomedaliyev
0%
Republic Congo 73 Makoumbou
0%
Latvia 72 Makreckis
0%
Thailand 63 Mickelson
0%
Chad 73 Mouandilmadji
0%
South Africa 73 Ngezana
0%
Somalia 63 Njie
0%
Namibia 67 Nyambe
0%
Kenya 73 Okumu
0%
Syria 71 Ousou
0%
St Kitts and Nevis 71 Phoenetia Browne
0%
Moldova 66 Postolachi
0%
Honduras 73 Quioto
0%
Costa Rica 76 Rocky Rodriguez
0%
El Salvador 70 Roldan
0%
Hong Kong 67 Shinichi
0%
Belarus 69 Shkurin
0%
Uganda 67 Sibbick
0%
Benin 71 Tosin
0%
Lithuania 70 Utkus
0%
Bermuda 70 Wells
0%
Comoros 77 Youssouf
0%
Palestine 69 Zeidan/Al Hamlawi
0%
No matching quizzes found
Score Distribution
Percent of People with Each Score
Percentile by Number Answered
Your Score History
You have not taken this quiz